[Event "GER-chT U18 Girls"]
[Site "Germany"]
[Date "2012.05.05"]
[Round "6.4"]
[White "Heinz, Michelle"]
[Black "Doering, Saskia"]
[Result "1-0"]
[WhiteElo "1234"]
[BlackElo "800"]
[PlyCount "81"]
[EventDate "2012.05.04"]
[EventType "team-swiss"]
[EventRounds "7"]
[EventCountry "GER"]
[SourceTitle "EXT 2014"]
[Source "ChessBase"]
[SourceDate "2013.11.20"]
[SourceVersion "1"]
[SourceVersionDate "2013.11.20"]
[SourceQuality "1"]
[WhiteTeam "Limburg Mariens (W)"]
[BlackTeam "Magdeburg WvSG (W)"]
[WhiteTeamCountry "GER"]
[BlackTeamCountry "GER"]

1. e4 e5 2. Nf3 Nc6 3. Nc3 Nf6 4. Bb5 Bc5 5. Bxc6 bxc6 6. Nxe5 d6 7. Nxc6 Qd7 8. Na5 Ba6 9. d3 0-0 10. a3 Rfe8 11. 0-0 d5 12. Nb3 Qd6 13. exd5 Nxd5 14. Nxd5 Qxd5 15. Bf4 Bd6 16. Bxd6 cxd6 17. Re1 Bb7 18. f3 Re6 19. Rxe6 fxe6 20. Qd2 Bc6 21. c4 Qe5 22. Re1 Qf5 23. Nd4 Qc5 24. Qe3 e5 25. Nxc6 Qxc6 26. Qe4 Qc5+ 27. Kf1 Rb8 28. Qd5+ Kf8 29. Qxc5 dxc5 30. Rxe5 Rc8 31. Ke2 Rb8 32. Kf1 Rxb2 33. Rxc5 Rb7 34. Re5 Rb3 35. d4 Rxa3 36. c5 Ra6 37. d5 Rf6 38. d6 Rf7 39. c6 Kg8 40. d7 Rf8 41. Re8 1-0

[Event "GER-chT U18 Girls"]
[Site "Germany"]
[Date "2011.05.13"]
[Round "1.3"]
[White "Baecker, Deborah"]
[Black "Heinz, Michelle"]
[Result "0-1"]
[WhiteElo "800"]
[BlackElo "1234"]
[PlyCount "48"]
[EventDate "2011.05.13"]
[EventType "team-swiss"]
[EventRounds "7"]
[EventCountry "GER"]
[SourceTitle "EXT 2012"]
[Source "ChessBase"]
[SourceDate "2011.11.24"]
[SourceVersion "1"]
[SourceVersionDate "2011.11.24"]
[SourceQuality "1"]
[WhiteTeam "St Ursula Gymn (W)"]
[BlackTeam "Limburg Mariens (W)"]
[WhiteTeamCountry "GER"]
[BlackTeamCountry "GER"]

1. e4 e5 2. Nf3 Nc6 3. Bc4 Nf6 4. Nc3 Bb4 5. 0-0 Bxc3 6. bxc3 Nxe4 7. d3 Nxc3 8. Qd2 Na4 9. Bb5 Nb6 10. Bxc6 dxc6 11. d4 e4 12. Ng5 0-0 13. Nxe4 Qh4 14. Qg5 Qxe4 15. Qe5 Qg6 16. Ba3 Bh3 17. g3 Nc4 18. Qf4 Nxa3 19. Rfe1 Nxc2 20. Qf3 Nxa1 21. Rxa1 Rfe8 22. Qc3 Qe4 23. f3 Qe2 24. Qc1 Qg2# 0-1

[Event "GER-chT U18 Girls reserves"]
[Site "Germany"]
[Date "2011.05.13"]
[Round "3"]
[White "Gerdts, Martina"]
[Black "Heinz, Michelle"]
[Result "1/2-1/2"]
[WhiteElo "780"]
[BlackElo "1234"]
[PlyCount "56"]
[EventDate "2011.05.13"]
[EventType "team-swiss"]
[EventRounds "7"]
[EventCountry "GER"]
[SourceTitle "EXT 2012"]
[Source "ChessBase"]
[SourceDate "2011.11.24"]
[SourceVersion "1"]
[SourceVersionDate "2011.11.24"]
[SourceQuality "1"]
[WhiteTeam "Stade Athenaeum (W)"]
[BlackTeam "Limburg Mariens (W)"]
[WhiteTeamCountry "GER"]
[BlackTeamCountry "GER"]

1. d4 d5 2. c4 e6 3. Nc3 Nf6 4. Nf3 Nc6 5. Bg5 Be7 6. e3 h6 7. Bh4 Qd6 8. c5 Qd7 9. Bd3 b6 10. cxb6 cxb6 11. Bg3 Bd6 12. Bxd6 Qxd6 13. Nb5 Qb4+ 14. Nd2 0-0 15. Qc2 Na5 16. a3 Qe7 17. 0-0 Ba6 18. b4 Nb7 19. Rfe1 Rac8 20. Qa4 Bxb5 21. Bxb5 Nd6 22. Rac1 Rc7 23. Bd3 Rfc8 24. Rc2 Nde4 25. Nxe4 Nxe4 26. Rec1 Rxc2 27. Rxc2 Rxc2 28. Qxc2 f5 1/2-1/2

[Event "GER-ch Schools U18 Girls"]
[Site "Germany"]
[Date "2009.05.18"]
[Round "7.4"]
[White "Nguyen, Michelle"]
[Black "Heinz, Michelle"]
[Result "0-1"]
[WhiteElo "800"]
[BlackElo "800"]
[PlyCount "92"]
[EventDate "2009.05.16"]
[EventType "team-swiss"]
[EventRounds "7"]
[EventCountry "GER"]
[SourceTitle "EXT 2011"]
[Source "ChessBase"]
[SourceDate "2010.11.26"]
[SourceVersion "1"]
[SourceVersionDate "2010.11.26"]
[SourceQuality "1"]
[WhiteTeam "Mallinckrodt Do (W)"]
[BlackTeam "Limburg Mariens (W)"]
[WhiteTeamCountry "GER"]
[BlackTeamCountry "GER"]

1. e4 e5 2. Nf3 Nc6 3. Bc4 Nf6 4. Nc3 Bc5 5. 0-0 d6 6. d3 Be6 7. Bg5 Qd7 8. Re1 Bg4 9. h3 Bxf3 10. Qxf3 Nd4 11. Qe3 Nxc2 12. Qc1 Nxa1 13. Qxa1 h6 14. Bxf6 gxf6 15. Qd1 Rg8 16. Qh5 Rg6 17. Qf5 Qxf5 18. exf5 Rg5 19. g4 h5 20. Ne4 Rg7 21. Nxc5 dxc5 22. Re4 0-0-0 23. a3 Rdg8 24. Kf1 hxg4 25. hxg4 Rxg4 26. Rxg4 Rxg4 27. Bxf7 b5 28. Be6+ Kb7 29. Bd5+ Ka6 30. Ke2 c4 31. dxc4 bxc4 32. Kf3 Rd4 33. Be4 Rd2 34. Ke3 Rxb2 35. a4 c3 36. Bd3+ Ka5 37. Bb5 Kb4 38. Kd3 Rxf2 39. Ke3 Rh2 40. Kd3 c2 41. Ke4 c1Q 42. Kd5 Qc5+ 43. Ke6 Qb6+ 44. Kd7 Rd2+ 45. Kc8 c6 46. Bc4 Rd8# 0-1

[Event "GER-ch Schools U18 Girls"]
[Site "Germany"]
[Date "2009.05.17"]
[Round "4.4"]
[White "Hoelzer, Jeanette"]
[Black "Heinz, Michelle"]
[Result "1-0"]
[WhiteElo "800"]
[BlackElo "800"]
[PlyCount "61"]
[EventDate "2009.05.16"]
[EventType "team-swiss"]
[EventRounds "7"]
[EventCountry "GER"]
[SourceTitle "EXT 2011"]
[Source "ChessBase"]
[SourceDate "2010.11.26"]
[SourceVersion "1"]
[SourceVersionDate "2010.11.26"]
[SourceQuality "1"]
[WhiteTeam "Hamburg MCG (W)"]
[BlackTeam "Limburg Mariens (W)"]
[WhiteTeamCountry "GER"]
[BlackTeamCountry "GER"]

1. e4 e5 2. Nf3 Nc6 3. Bc4 Nf6 4. Ng5 d5 5. exd5 Na5 6. Bb3 Bc5 7. Nc3 Bf5 8. Ba4+ Nd7 9. d3 h6 10. Nf3 0-0 11. Bxd7 Qxd7 12. Nxe5 Rfe8 13. d4 Bd6 14. f4 Bg4 15. Ne2 Qf5 16. h3 Bxe2 17. Qxe2 f6 18. g4 Qc8 19. Bd2 b6 20. Bc3 Qb7 21. Qe4 Rac8 22. 0-0-0 c5 23. dxc5 Rxc5 24. Rhe1 Qa6 25. Qg6 Re7 26. h4 fxe5 27. fxe5 Bc7 28. d6 Bxd6 29. exd6 Rf7 30. Re8+ Rf8 31. Qxg7# 1-0

[Event "GER-ch Schools U18 Girls"]
[Site "Germany"]
[Date "2009.05.16"]
[Round "3.4"]
[White "Heinz, Michelle"]
[Black "Zimmermann, Lara"]
[Result "1-0"]
[WhiteElo "800"]
[BlackElo "1006"]
[PlyCount "109"]
[EventDate "2009.05.16"]
[EventType "team-swiss"]
[EventRounds "7"]
[EventCountry "GER"]
[SourceTitle "EXT 2011"]
[Source "ChessBase"]
[SourceDate "2010.11.26"]
[SourceVersion "1"]
[SourceVersionDate "2010.11.26"]
[SourceQuality "1"]
[WhiteTeam "Limburg Mariens (W)"]
[BlackTeam "Kenzingen Gymn (W)"]
[WhiteTeamCountry "GER"]
[BlackTeamCountry "GER"]

1. e4 e5 2. Nf3 Nc6 3. Nc3 Bc5 4. Bc4 Nf6 5. 0-0 d6 6. d3 Bg4 7. h3 Bh5 8. Be3 0-0 9. Nd5 h6 10. Rb1 a6 11. a3 b5 12. b4 Bd4 13. Nxf6+ Qxf6 14. Bd5 Rab8 15. Bxc6 Rb6 16. Bd5 c6 17. Bb3 c5 18. Bd5 Re8 19. Bd2 Rbb8 20. c3 Bxc3 21. Bxc3 Rbc8 22. Bb7 Rc7 23. Bxa6 Rb8 24. bxc5 dxc5 25. Bxe5 Qxe5 26. Nxe5 Bxd1 27. Rfxd1 f6 28. Ng4 b4 29. axb4 cxb4 30. e5 h5 31. Ne3 fxe5 32. Nd5 Rc6 33. Ne7+ Kf8 34. Nxc6 Rb6 35. Rxb4 Rxc6 36. Bc4 Rd6 37. Ra1 Ke7 38. Ra5 Kf6 39. Ra6 Ke7 40. Rb7+ Rd7 41. Re6+ Kd8 42. Rxd7+ Kxd7 43. Kh2 Kc7 44. Kg3 g5 45. h4 g4 46. Rxe5 Kd6 47. Kf4 Kc6 48. Rd5 Kb6 49. Ke5 Kc6 50. Ke6 Kb6 51. Kd6 Kb7 52. Rc5 Kb6 53. Bd5 Ka6 54. Kc7 Ka7 55. Ra5# 1-0